=LDR 00000nam 2200000 4500 =001 INLIS000000000019372 =005 20130612114436 =008 ***********************************Ind** =035 ##$$0010-061300000019372 =041 ##$$a Ind =090 ##$$a 811, Pin p =100 ##$$a Pinurbo, Joko =245 ##$$a Pacar senja, seratus puisi pilihan, Joko Pinurbo =260 ##$$a 2005 $b Jakarta =300 ##$$a ix, 162 hlm, 21 cm =650 ##$$a Puisi Indonesia =850 ##$$a NBPNMAT =990 ##$$a 0001/BPAP-NTB/20142014 =990 ##$$a 2090100536/BPAP-NTB/2015 =990 ##$$a 0001/BPAP-NTB/2016